LEADER 01275nam--2200397---450- 001 990002804330203316 005 20060831115606.0 010 $a88-464-2180-9 035 $a000280433 035 $aUSA01000280433 035 $a(ALEPH)000280433USA01 035 $a000280433 100 $a20060831d2000----km-y0itay0103----ba 101 $aita 102 $aIT 105 $a||||||||001yy 200 1 $a<> percorso strategico creativo$eun nuovo approccio al management in un'economia che cambia : tecniche per il disegno dell'innovazione strategica e per la sua realizzazione$fA. Borgese, L. Traversi Guerra, P. M. Vello 210 $aMilano$cF. Angeli$dc2000 215 $a192 p.$d23 cm 225 2 $aAzienda moderna$v423 410 0$12001$aAzienda moderna$v423 454 1$12001 461 1$1001-------$12001 606 0 $aAziende$xprocessi innovativi 676 $a658.402 700 1$aBORGESE,$bAntonio$0594577 701 1$aVELLO,$bPier Mario$0252208 701 1$aTRAVERSI GUERRA,$bLuisella$0437553 801 0$aIT$bsalbc$gISBD 912 $a990002804330203316 951 $aP08 1664$bDISTRA 959 $aBK 969 $aDISTRA 979 $aDISTRA1$b90$c20060831$lUSA01$h1156 996 $aPercorso strategico creativo$9995195 997 $aUNISA LEADER 01096oam 2200349 a 450 001 9910700559903321 005 20110913160814.0 035 $a(CKB)5470000002410397 035 $a(OCoLC)720097466 035 $a(EXLCZ)995470000002410397 100 $a20110504d2001 ua 0 101 0 $aeng 135 $aurmn||||||||| 181 $ctxt$2rdacontent 182 $cc$2rdamedia 183 $acr$2rdacarrier 200 10$aPancreatic cancer $ean agenda for action /$b[electronic resource]$freport of the Pancreatic Cancer Progress Review Group 210 1$a[Bethesda, Md.] :$c[National Cancer Institute],$d[2001?] 215 $a1 online resource (44 pages) 300 $aTitle from title screen (viewed on Sept. 13, 2011). 300 $a"February 2001." 517 $aPancreatic cancer 606 $aPancreas$xCancer 606 $aPancreas$xCancer$xTreatment 615 0$aPancreas$xCancer. 615 0$aPancreas$xCancer$xTreatment. 801 0$bGPO 801 1$bGPO 906 $aBOOK 912 $a9910700559903321 996 $aPancreatic Cancer$92509315 997 $aUNINA